00651nam a2200169 a 4500008004100000020001500041050002000056100003700076245013900113260004700252300001400299350001300313650007800326650003600404650001300440650002800453091026s2002 ||||||||||||||||| || u a9982816012 aJQ 2898.M68 Chi aChitala, Mbita Chintundya, 1955-10aNot yet democracy: the transition of the twin process of political and economic reform in Zambia (1991-2001)cMbita Chintundya Chitala aLusakabZambia Research Foundationc[2002] aix, 342p. a50000.00 aZAMBIA--POLITICS AND GOVERNMENT--MOVEMENT FOR MULTI-PARTY DEMOCRACY (MMD) 0aZAMBIA--POLITICS AND GOVERNMENT aPOLITICS 0aZAMBIA--ECONOMIC POLICY